Viaje al interior de Persia / (Record no. 163576)

MARC details
000 -LEADER
campo de control de longitud fija 00927nam a22002295i 4500
001 - NÚMERO DE CONTROL
campo de control 163576
003 - IDENTIFICADOR DE NÚMERO DE CONTROL
campo de control ES-MaACL
005 - FECHA Y HORA DE LA ÚLTIMA TRANSACCIÓN
campo de control 20240619063118.0
008 - DATOS DE LONGITUD FIJA--INFORMACIÓN GENERAL
campo de control de longitud fija 940301s1880 sp |||| | spa d
040 ## - FUENTE DE CATALOGACIÓN
Centro catalogador/agencia de origen AS
Lengua de catalogación spa
100 1# - ENTRADA PRINCIPAL--NOMBRE DE PERSONA
Nombre de persona Rivadeneyra, Adolfo,
Fechas asociadas al nombre 1841-1882
9 (RLIN) 131853
245 10 - MENCIÓN DEL TÍTULO
Título Viaje al interior de Persia /
Mención de responsabilidad, etc. por Adolfo Rivadeneyra.
260 ## - PUBLICACIÓN, DISTRIBUCIÓN, ETC.
Lugar de publicación, distribución, etc. Madrid :
Nombre del editor, distribuidor, etc. [s.n.],
Fecha de publicación, distribución, etc. 1880 (
Fabricante Imprenta y Estereotipia de Aribau y C\sa\p)
300 ## - DESCRIPCIÓN FÍSICA
Extensión 3 v. (383, 398, 410 p., [1] h. pleg. de mapa ;
Dimensiones 18 cm.
505 8# - NOTA DE CONTENIDO CON FORMATO
Nota de contenido con formato Mapas y planos incluidos: [V. 3: Persia. Itinerarios. 1881.]
530 ## - NOTA DISPONIBLE DE FORMULARIO FÍSICO ADICIONAL
Nota de formato físico adicional disponible Disponible en formato digital.
596 ## - NOTA AL PIE DE IMPRENTA
NOTA AL PIE DE IMPRENTA En la cub. de t. III consta 1881 y en port. 1880.
651 #4 - PUNTO DE ACCESO ADICIONAL DE MATERIA--NOMBRE GEOGRÁFICO
Nombre geográfico Irán-
Subdivisión de forma Descripción.
9 (RLIN) 158056
852 ## - LOCALIZACIÓN
Ubicación ES-MaACL
Número de control de estantería G-7746-48
Nota libre -- Enc. pasta
856 ## - LOCALIZACIÓN Y ACCESO ELECTRÓNICOS
Identificador Uniforme de Recursos <a href="http://bdh-rd.bne.es/viewer.vm?id=0000099870&page=1 ">http://bdh-rd.bne.es/viewer.vm?id=0000099870&page=1 </a>
Nota pública Biblioteca Digital Hispánica
Holdings
Estatus retirado Estado de pérdida Estado de daño No para préstamo Colección Biblioteca de origen Biblioteca actual Ubicación en estantería Fecha de adquisición Total de préstamos Signatura topográfica completa Código de barras Visto por última vez Precio de reemplazo Tipo de ítem Koha
        Colección digital Biblioteca del Ateneo de Madrid Biblioteca del Ateneo de Madrid Sala Pecera Planta 3 17/01/2008   G-7746-48 1171413 23/02/2023 23/02/2023 Libro impreso antiguo